[Event "Qatar Masters op"]
[Site "Doha"]
[Date "2015.12.20"]
[Round "1"]
[White "Giri, Anish"]
[Black "Sunilduth Lyna, Narayanan"]
[Result "1-0"]
[WhiteElo "2784"]
[BlackElo "2494"]
[Annotator "Sagar Shah"]
[PlyCount "59"]
[EventDate "2015.12.20"]
[EventType "swiss"]
[EventRounds "9"]
[EventCountry "QAT"]
[SourceTitle "CBM 170"]
[Source "ChessBase"]
[SourceDate "2016.01.15"]
[SourceVersion "1"]
[SourceVersionDate "2016.01.15"]
[SourceQuality "1"]

1. c4 Nf6 2. Nc3 e5 3. Nf3 Nc6 4. e3 {This move is not as popular as the move
4.g3 but has still been played in nearly 3,000 games!} Bb4 5. Qc2 O-O 6. Nd5
Re8 7. Qf5 {Quite an odd queen sortie! The idea is to take on f6 and cripple
the black structure on the kingside.} (7. Nxb4 Nxb4 8. Qb3 c5 9. a3 Nc6 $15)
7... d6 (7... Nxd5 8. cxd5 Ne7 (8... d6 9. Qh5 Ne7 10. Ng5 $16) 9. Qxe5 c6 10.
dxc6 dxc6 $44) 8. Nxf6+ gxf6 (8... Qxf6 9. Qxf6 gxf6 {was played by Giri with
the black pieces against Grischuk in 2013. Black got a good position but
Grischuk was finally able to win the game.}) 9. Qc2 (9. Qh5 {is another
possibility.} d5 10. Bd3 e4 11. cxd5 Bf8 $1 12. dxc6 Qxd3 $11 {Black has a
fine position.}) 9... e4 10. Ng1 d5 11. a3 Bf8 12. cxd5 Qxd5 {[%csl Ga1,Gc1,
Gf1,Gg1,Gh1] Look at the position after 12 moves! None of Giri's pieces have
been developed and Black has nearly four of his in play. Yet White is doing
okay, mainly because he has no weaknesses.} 13. Ne2 Bf5 (13... f5 {looks more
cohesive, but when you are ahead in development it always feels nice to get
even more men out!}) 14. b4 $5 {Highly ambitious play. Anish hasn't completed
his development but finds time to push another pawn!} a5 15. Nc3 Qe6 16. b5 Ne5
17. Nxe4 $1 {Making a move like Nxe4 requires a lot of belief in your
calculating abilities. f3 and d3 are coming up and hence Black doesn't have a
good discovered attack.} Nd7 18. d3 Bxe4 19. dxe4 Nc5 20. Bb2 Rad8 21. Rc1 $6 (
21. f3 $5 {would have retained an advantage for White as now Be2 followed by
0-0 is coming up and there is no really good way for Black to take advantage
of his lead in development.} f5 $2 22. Qc3 $1 $18) 21... Nxe4 22. Bd3 Nxf2 $1 {
A fine shot which puts the ball back in the Dutch GM's court. What does he do
now?} 23. Bxh7+ (23. Kxf2 $2 Qxe3+ $19 {[%cal Gd8d3]}) (23. Qxf2 Rxd3 $17)
23... Kg7 24. O-O $1 {This was the resource on which Giri had pinned his hopes.
Black has only one way to wriggle out of the mess but unfortunately for him he
is unable to find it.} Nd3 $2 (24... Ng4 $1 {would have given Black an equal
position. But this is far from easy to calculate.} 25. Rf3 (25. Bf5 Qxe3+ $1
26. Kh1 Nxh2 $1 27. Kxh2 Bd6+ 28. Kh1 Rh8+ $19) 25... Nxe3 26. Rxf6 Nxc2 27.
Rxe6+ Kxh7 28. Rxe8 Rxe8 29. Rxc2 Bd6 $11) 25. Bxd3 Qxe3+ 26. Kh1 Rxd3 (26...
Qxd3 27. Bxf6+ Kg8 28. Bxd8 $18) 27. Rxf6 $1 {A deadly discovered check is
difficult to prevent.} Kg8 28. Rcf1 Qe2 29. Qc4 $1 Rd7 30. Rg6+ {A very
interesting battle but it must be said that the Dutch super GM was surely
given a scare by his young Indian opponent.} 1-0

[Event "St Petersburg"]
[Site "St Petersburg"]
[Date "1997.04.18"]
[Round "2"]
[White "Kortschnoj, Viktor Lvovich"]
[Black "Salov, Valery"]
[Result "1/2-1/2"]
[WhiteElo "2635"]
[BlackElo "2665"]
[Annotator "Salov,V"]
[PlyCount "110"]
[EventDate "1997.??.??"]
[EventType "tourn"]
[EventRounds "11"]
[EventCountry "RUS"]
[EventCategory "14"]
[SourceTitle "CBM 059"]
[Source "ChessBase"]
[SourceDate "1997.08.01"]
[SourceVersion "1"]
[SourceVersionDate "1997.08.01"]
[SourceQuality "1"]

1. c4 Nf6 2. Nc3 e5 3. Nf3 Nc6 4. a3 g6 5. d4 exd4 6. Nxd4 Bg7 7. Bg5 $146 h6
8. Bh4 O-O 9. e3 Re8 10. Be2 Nxd4 11. exd4 g5 (11... d6 12. O-O g5 13. Bg3 Bf5
14. Bd3 $14) 12. Bg3 Ne4 13. O-O d6 14. Bd3 $1 f5 (14... Bf5 15. Qf3 Nxg3 16.
hxg3 Bxd3 17. Qxd3 $14) (14... Nxg3 $5 15. fxg3 (15. hxg3 $5 Bxd4 16. Bh7+ Kxh7
17. Qxd4 $44) 15... Bxd4+ 16. Kh1 Bg7 (16... Bxc3 17. Qh5 $40) 17. Qf3 $44) 15.
Bxe4 $1 fxe4 16. Re1 Be6 $5 (16... Bf5 17. Qb3 $1 Rb8 18. c5+ $16) 17. Qb3 $1
Bf7 18. Nxe4 $1 (18. Rad1 Rb8 19. Qa4 a6 20. Nxe4 b5 $44) 18... Bxd4 19. Rad1
Bg7 20. Qxb7 Qb8 $8 21. Qc6 Qb6 22. Qd7 $1 Rad8 (22... Be6 23. Nf6+ $16) 23.
Qf5 Qxb2 24. h4 Be6 25. Qa5 $1 (25. Qg6 Bf7 26. Qf5 Be6 27. Qg6 $11) 25... Qb6
26. Qa4 Bd7 27. Qc2 Qa5 28. hxg5 hxg5 (28... Ba4 $5 29. Qd3 $1 (29. Nf6+ $5 Kf7
30. Qb1 Bxd1 31. g6+ Kf8 32. Rxe8+ Rxe8 33. Nxe8 Qe1+ 34. Kh2 Kxe8 35. Qf5 Qe7
$11) 29... Bxd1 30. Nf6+ Kf8 31. Rxe8+ Rxe8 32. Nxe8 Qe1+ 33. Kh2 Kxe8 34. Qg6+
Kf8 35. gxh6 $36) 29. Qc1 $1 Bc6 30. Nxg5 Qf5 (30... Bh6 $5) 31. c5 $1 Qxc5 $2
$138 (31... Rxe1+ 32. Rxe1 dxc5 33. Bxc7 Bd4 $132) 32. Qxc5 $2 $138 (32. Ne6 $1
$18) 32... dxc5 33. Rxd8 Rxd8 34. Rc1 Rd5 35. Ne6 Bb2 36. Rb1 Bxa3 (36... Kf7
$5) 37. Rb8+ Kh7 38. Rc8 Bd7 39. Rxc7 Kg8 40. Rxa7 Bb4 (40... Bxe6 $5 41. Rxa3
c4 $14) 41. Nf4 Rd1+ 42. Kh2 c4 43. Rc7 c3 44. Ne2 Rd3 45. Rc4 (45. Be5 Ba5 46.
Rc5 Bb6 47. Rxc3 Rxc3 48. Nxc3 Bxf2 49. Ne4 Bh4 $11) 45... Ba5 46. f3 $1 (46.
Be5 Rd2) 46... Be6 47. Rc6 Bd5 48. Rc8+ (48. Rc5 $5 Bb4 49. Rc8+ Kf7 50. Nf4
Rd2 51. Nxd5 Rxd5 52. Rc4 $1 Rb5 $8 (52... Ba5 53. Bc7 $1 $18) 53. Be1 Bd6+ 54.
Kh3 Rh5+ 55. Kg4 Rh2 $1 $132) 48... Kf7 49. Nf4 Rd2 50. Nxd5 (50. Rc5 $5) 50...
Rxd5 51. Rc4 Ke6 $1 52. Kh3 (52. Bc7 $4 Rh5+ 53. Kg3 Kd5 $19) 52... Rb5 53. Bf2
Kd5 $11 54. Rd4+ Kc6 55. Rc4+ Kd5 1/2-1/2

[Event "Madrid"]
[Site "Madrid"]
[Date "1995.??.??"]
[Round "6"]
[White "Salov, Valery"]
[Black "Illescas Cordoba, Miguel"]
[Result "1-0"]
[WhiteElo "2715"]
[BlackElo "2595"]
[Annotator "Salov,V"]
[PlyCount "91"]
[EventDate "1995.05.??"]
[EventType "tourn"]
[EventRounds "9"]
[EventCountry "ESP"]
[EventCategory "16"]
[SourceTitle "CBM 047"]
[Source "ChessBase"]
[SourceDate "1995.08.01"]
[SourceVersion "1"]
[SourceVersionDate "1995.08.01"]
[SourceQuality "1"]

1. c4 Nf6 2. Nc3 e5 3. Nf3 Nc6 4. d4 exd4 5. Nxd4 Bb4 6. Bg5 h6 7. Bh4 Ne5 8.
Qb3 Bc5 {N} (8... a5) 9. O-O-O Ng6 10. Bg3 O-O 11. e3 Nh5 12. Ne4 Nxg3 (12...
b6 $5) 13. hxg3 Bxd4 14. Rxd4 d6 15. c5 $16 Qe7 16. cxd6 cxd6 17. Bc4 (17. Nxd6
Rd8 18. Nxf7 Be6 $1) 17... Ne5 18. Nxd6 (18. Bd5 Bf5 19. Qxb7 Rac8+ 20. Kb1 Rc7
$132) 18... Nxc4 19. Qxc4 Be6 20. Qd3 a5 $1 (20... Bxa2 21. b3 $18) 21. Kb1 (
21. a4 $5 Ra6 22. Rd1 $16) 21... a4 22. e4 Ra6 23. f4 a3 24. b3 Bg4 25. Rc1 Be2
26. Qd2 Rd8 27. e5 (27. Nf5 $2 Qxe4+ $17) 27... Bg4 28. Rc3 $5 (28. Nc8 Bf5+ $1
29. Ka1 Rxc8 30. Rxc8+ Bxc8 31. Rd8+ Kh7 32. Rxc8 Rc6 $132) 28... h5 (28... f6
$5 29. Nc4 Bf5+ 30. Kc1 $16) 29. Nc8 $1 Rxc8 $2 (29... Bf5+ $8 30. Kc1 Rxc8 31.
Rxc8+ Bxc8 32. Rd8+ Kh7 33. Rxc8 Rc6+ 34. Rxc6 bxc6 35. b4 $16) 30. Rxc8+ Bxc8
31. Rd8+ Kh7 32. Qc2+ $1 Rg6 33. Qxc8 Rc6 $8 (33... Rxg3 34. Qf5+ Rg6 (34... g6
35. Qc8 $18) 35. Qxh5+ Rh6 36. Qf5+ $18) 34. Rh8+ $1 (34. Qf5+ g6 35. Qd7 Qxd7
36. Rxd7 Kg8 37. Rxb7 Rc3 38. Ra7 Rxg3 39. b4 $14) 34... Kg6 35. Qh3 $1 (35.
f5+ $2 Kg5 36. Rxh5+ $2 Kxh5 37. Qh8+ Rh6 $19) 35... Rc1+ $8 36. Kxc1 Qc5+ 37.
Kb1 Qg1+ 38. Kc2 Qc5+ 39. Kd3 Qd5+ 40. Ke3 (40. Ke2 $18) 40... Qc5+ 41. Ke4
Qc6+ 42. Kd4 Qb6+ 43. Kd3 Qb5+ 44. Kd2 Qb4+ 45. Ke2 $1 Qb5+ (45... Qe4+ 46. Kf1
$1 Qb1+ 47. Kf2 Qxa2+ 48. Kg1 Qe2 49. g4 $1 $18) 46. Ke1 $1 1-0

[Event "Madrid"]
[Site "Madrid"]
[Date "1995.??.??"]
[Round "2"]
[White "Kortschnoj, Viktor Lvovich"]
[Black "Salov, Valery"]
[Result "1/2-1/2"]
[WhiteElo "2635"]
[BlackElo "2715"]
[Annotator "Salov,V"]
[PlyCount "85"]
[EventDate "1995.05.??"]
[EventType "tourn"]
[EventRounds "9"]
[EventCountry "ESP"]
[EventCategory "16"]
[SourceTitle "CBM 047"]
[Source "ChessBase"]
[SourceDate "1995.08.01"]
[SourceVersion "1"]
[SourceVersionDate "1995.08.01"]
[SourceQuality "1"]

1. c4 e5 2. Nc3 Nc6 3. Nf3 Nf6 4. a3 g6 5. g3 Bg7 6. Bg2 d6 {N} (6... O-O) 7.
d4 $5 exd4 8. Nxd4 Bd7 (8... Nxd4 9. Qxd4 O-O 10. Qh4 $1) 9. O-O O-O 10. e3 Qc8
11. b3 Re8 12. Ra2 Bh3 (12... Nxd4 $1 13. exd4 Bh3 $10) 13. Nde2 $1 h5 $6 (
13... a6 $142) 14. Bxh3 Qxh3 15. f3 $1 Ne5 16. e4 $14 a6 17. Bg5 Nh7 18. Be3
Qd7 19. Rc2 $1 b5 20. cxb5 axb5 21. Nd5 c6 22. Nb6 Qa7 23. Nc4 $1 (23. Qc1 $5)
23... Qe7 24. Nxe5 (24. Nxd6 $2 Red8 25. Bc5 Bf8 26. Rd2 Ng5 27. Kg2 Ne6 $17)
24... Bxe5 25. Rxc6 Rxa3 26. Qc2 Qe6 27. Nc1 Ra1 $2 (27... h4 $142) 28. f4 Bg7
29. e5 Bf8 30. Bd4 Raa8 31. exd6 Rac8 32. Be5 Rxc6 33. Qxc6 f6 34. Nd3 $6 (34.
Bd4 $1 $16) 34... fxe5 35. fxe5 Bg7 36. Qxb5 Nf8 $22 (36... Ng5 $1 37. Nf4 Qxe5
38. Qxe5 Bxe5 (38... Rxe5 39. d7 Nf7 40. Nxg6 $18) 39. Nxg6 Bxd6 40. Rf5 $10)
37. Kg2 h4 38. Re1 h3+ 39. Kg1 Qf7 40. Nf4 Ne6 41. Qc4 (41. d7 $1 {Kortchnoi}
Rf8 (41... Rd8 $2 42. Qb6 $18) 42. Qc4 $1 Nxf4 43. gxf4 Qxc4 44. bxc4 Kf7 45.
c5 Ke7 46. c6 Bh6 47. Rd1 Kd8 48. Ra1 Ke7 49. Ra7 Rxf4 $1 (49... Ke6 50. Ra4
Ke7 51. e6 $1 $18) (49... Bxf4 50. d8=Q+ Kxd8 51. Ra8+ Kc7 52. Rxf8 Bxe5 53.
Rg8 $18) 50. c7 (50. Ra8 Rf8) 50... Kxd7 51. e6+ Kc8 52. e7 Re4 53. e8=Q+ Rxe8
54. Ra8+ Kxc7 55. Rxe8 Kd6 $10) 41... Qa7+ $1 42. Kf1 Qf7 $10 43. Kg1 1/2-1/2

[Event "World Cup"]
[Site "Reykjavik"]
[Date "1991.??.??"]
[Round "7"]
[White "Gulko, Boris F"]
[Black "Karpov, Anatoly"]
[Result "0-1"]
[WhiteElo "2565"]
[BlackElo "2730"]
[Annotator "Salov,V"]
[PlyCount "72"]
[EventDate "1991.09.??"]
[EventType "tourn"]
[EventRounds "15"]
[EventCountry "ISL"]
[EventCategory "16"]
[SourceTitle "CBM 026"]
[Source "ChessBase"]
[SourceDate "1992.02.01"]
[SourceVersion "1"]
[SourceVersionDate "1992.02.01"]
[SourceQuality "1"]

1. c4 {Ribli Ernst} Nf6 2. Nc3 e5 3. Nf3 Nc6 4. e4 {Nimzowitsch} Bb4 5. d3 d6
6. g3 Bc5 (6... O-O 7. Bg2 a6 $5 (7... Be6 8. O-O Bxc3 9. bxc3 Qd7 10. Rb1 Rab8
11. Nh4 (11. Ng5 $5 Bg4 12. f3 $14) 11... a6 12. f4 Bg4 13. Qe1 Bh3 14. Bxh3
Qxh3 15. f5 b5 $1 $132 {Ashley-Gipslis,Groningen 1990}) (7... Bg4 8. h3 Bxf3 9.
Bxf3 Nd4 10. Bg2 a5 11. O-O Bc5 12. Rb1 c6 13. a3 $14 {Ehlvest-Adams,Terrassa
1991}) 8. O-O Bxc3 9. bxc3 b5 10. d4 Re8 11. Re1 Bd7 12. Qd3 Na5 $10 {
Bukal-Ambroz,Stary Smokovec 1980}) 7. Bg2 Nd4 {TN} (7... Ng4 $6 8. O-O f5 9.
exf5 $1 Bxf5 10. Nh4 Be6 11. Ne4 Bb6 12. Bg5 $16 {Taimanov}) 8. Nxd4 Bxd4 9. h3
(9. Ne2 {Ernst} Bb6 10. d4 O-O 11. O-O $14) 9... Be6 10. f4 (10. O-O $5 {
/\Kg1-h2,f2-f4}) 10... a6 11. Qf3 h6 12. Ne2 (12. Be3 $5 {Ribli}) 12... Bc5 13.
Bd2 (13. Be3 b5 $5 14. Bxc5 dxc5 15. fxe5 $2 Nd7 $17) (13. f5 {Ernst} Bd7 14.
g4 Nh7 $132) (13. Be3 $5 {Ribli}) 13... Qe7 14. Bc3 $6 (14. b4 $142 Ba7 15. a4
a5 16. bxa5 Bc5 $13) 14... Bd7 15. b4 Ba7 16. a4 Nh7 (16... a5 $5) 17. Kd2 $2 (
17. a5 $1 O-O 18. g4 $132) 17... O-O {/\f7-f5} 18. g4 (18. a5 $142) 18... b5 $1
$17 19. axb5 (19. cxb5 axb5 20. a5 c5 $17) 19... axb5 20. cxb5 (20. fxe5 {Ernst
} bxc4 21. dxc4 dxe5 $17) 20... Bb6 (20... Bxb5 {Ribli} 21. Ra5 Bc6 22. Rha1
Bb6 $10) 21. Rhd1 (21. h4 Qe6 22. f5 Ra2+ 23. Rxa2 Qxa2+ $40) 21... Bxb5 22.
Ke1 Rfe8 23. Rxa8 Rxa8 24. Ra1 Rd8 25. Kd2 $6 (25. Kf1 $17) 25... c6 26. Kc2
Nf8 27. Ng3 $6 (27. Bf1 $142 Ne6 28. f5) 27... Ne6 28. Nf5 Qc7 29. fxe5 dxe5
$19 30. Bf1 c5 31. bxc5 Qxc5 32. Kb2 Nf4 (32... Rc8 $1 {Ribli}) 33. d4 exd4 34.
Nxd4 Bxf1 35. Rxf1 Bc7 36. e5 (36. Nf5 Nd3+ 37. Kc2 Be5 38. Nxh6+ gxh6 39.
Qxf7+ Kh8 $19) 36... Rxd4 0-1

[Event "Tilburg"]
[Site "Tilburg"]
[Date "1994.??.??"]
[Round "4"]
[White "Serper, Grigory"]
[Black "Salov, Valery"]
[Result "0-1"]
[WhiteElo "2575"]
[BlackElo "2710"]
[Annotator "Salov,V"]
[PlyCount "72"]
[EventDate "1994.09.??"]
[EventType "k.o."]
[EventRounds "7"]
[EventCountry "NED"]
[SourceTitle "CBM 044"]
[Source "ChessBase"]
[SourceDate "1995.02.01"]
[SourceVersion "1"]
[SourceVersionDate "1995.02.01"]
[SourceQuality "1"]

1. c4 Nf6 2. Nc3 e5 3. Nf3 Nc6 4. d3 Bb4 5. Bd2 O-O 6. g3 Re8 7. Bg2 Bxc3 {N} (
7... d6 $10) 8. Bxc3 d5 9. O-O d4 10. Bd2 h6 (10... a5 $5 11. Bg5 h6 12. Bxf6
Qxf6 13. Nd2 $10) 11. b4 $1 $36 Qd6 12. Qb3 Bf5 13. b5 Nd8 14. Bb4 Qd7 15. Rfe1
Rc8 $6 (15... Bh3 $1 16. Bh1 Rc8 $10) 16. e3 $6 (16. Qa3 $1 a6 (16... c6 17.
Bd6 $1) 17. bxa6 bxa6 18. Qxa6 c5 $44) 16... c5 17. Ba3 Bh3 18. Bh1 $2 (18. e4
$10) 18... dxe3 19. Rxe3 Ng4 20. Re4 f6 $1 $17 (20... Ne6 $4 21. Rxg4 Bxg4 22.
Nxe5 Nd4 23. Nxd7 Nxb3 24. axb3 Bxd7 25. Bxb7 $18) 21. Bg2 Bxg2 22. Kxg2 h5 23.
Rae1 Nf7 24. Bc1 Rcd8 25. Rd1 Re6 26. h3 Ngh6 27. Bxh6 Nxh6 28. Qc2 Rd6 29. Rh4
Rxd3 (29... Nf5 30. Rxh5 g6 31. Rxf5 gxf5 $19) 30. Rxd3 Qxd3 31. Qxd3 Rxd3 32.
Rxh5 b6 33. g4 Nf7 34. Rf5 {(.)} (34. Nh4 Nd6 $19) 34... Nd6 35. Rh5 g6 $1 36.
Rh4 Nf7 $1 {צh4} 0-1

[Event "Madrid Magistral 6th"]
[Site "Madrid"]
[Date "1997.05.23"]
[Round "3"]
[White "Salov, Valery"]
[Black "Beliavsky, Alexander G"]
[Result "1-0"]
[WhiteElo "2665"]
[BlackElo "2665"]
[Annotator "Salov,V"]
[PlyCount "101"]
[EventDate "1997.06.??"]
[EventType "tourn"]
[EventRounds "9"]
[EventCountry "ESP"]
[EventCategory "17"]
[SourceTitle "CBM 059"]
[Source "ChessBase"]
[SourceDate "1997.08.01"]
[SourceVersion "1"]
[SourceVersionDate "1997.08.01"]
[SourceQuality "1"]

1. c4 {Ribli} Nf6 2. Nc3 e5 3. Nf3 Nc6 4. d4 {Eine in letzter Zeit wieder
populäre Fortsetzung.Ribli.} exd4 {[#]} 5. Nxd4 Bb4 (5... Bc5 $5 {Ribli} 6.
Nxc6 bxc6 7. e3 O-O 8. Be2 d5 9. O-O Be6 10. b3 Bd6 11. cxd5 cxd5 12. Bb2 c6
13. Rc1 Qe7 {1/2-1/2 Lalic,B-Kacheishvili,G/Berliner Sommer 1996 (31)}) 6. Bg5
h6 7. Bh4 O-O (7... Bxc3+ $5 {Ribli} 8. bxc3 Ne5 9. f4 (9. e3 O-O 10. Nb5 d6
11. Bxf6 Qxf6 12. Nxc7 Nf3+ 13. Ke2 Bg4 14. Nd5 Ne5+ 15. Ke1 Qd8 16. Qd4 Qa5
17. Be2 Be6 18. Ne7+ Kh8 19. f4 Rfe8 20. fxe5 dxe5 21. Qh4 Qd8 {Alterman,
B-Huebner,R/Erevan olm 1996/1/2-1/2 (65)}) 9... Ng6 (9... Nxc4 10. Nf5) 10.
Bxf6 Qxf6 11. g3 Nf8 12. Bg2 Ne6 13. O-O O-O 14. e4 d6 15. Qd2 Nc5 16. Rae1 Rb8
17. Re3 Bd7 18. Nb3 Nxb3 19. axb3 Bc6 20. Qd4 a6 21. Qxf6 {1/2-1/2 Kramnik,
V-Karpov,A/Las Palmas 1996}) 8. Rc1 Re8 (8... Ne5 {Ribli} 9. e3 Ng6 10. Bxf6
Qxf6 11. Be2 b6 (11... d6 12. O-O c6 13. Qd2 Nh4 14. Nf3 Nxf3+ 15. Bxf3 Be6 16.
Rfd1 Qe5 17. a3 Bxc3 18. Rxc3 Rad8 19. b3 Qa5 20. Qc1 {1-0 Cabrilo,G-Rajkovic,
V/JUG-chT Igalo 1994 (27)}) 12. Bf3 Rb8 13. O-O Bxc3 14. Rxc3 Ne5 15. Be2 a6
16. e4 Nc6 17. Nf5 d6 18. Ne3 Nd4 19. Nd5 {1-0 Oll,L-Nilsson,N/Copenhagen op
1993 (38)}) 9. Nxc6 $146 {Es ist verständlich, daß Weiß von der Partie Gelfand
-Kortschnoj,Groningen/1996, abweichen möchte, in der Schwarz gut aus der
Eröffnung kam.} (9. e3 Nxd4 $1 (9... d5 {Ribli} 10. Nxc6 bxc6 11. Be2 Rb8 12.
O-O Bxc3 13. bxc3 Bf5 14. cxd5 cxd5 15. c4 {1/2-1/2 Christiansen,L-Miralles,G/
SUI-chT 1996 (34)}) 10. Qxd4 c5 11. Qd1 g5 12. Bg3 d5 13. cxd5 Qxd5 14. Qxd5
Nxd5 {1/2-1/2 Gelfand,B-Kortschnoj,V/Koop Tjuchem Groningen 1996/CBM 57 (30)})
9... bxc6 10. e3 Rb8 $1 (10... d5 $5 {Ribli} 11. cxd5 cxd5 12. Bxf6 Qxf6 13.
Qxd5 Rb8 $44 {[%cal Yc8b7,Yb7g2]}) (10... g5 {Ribli} 11. Bg3 Ne4 {Und Schwarz
hat zwar einige Schwächen aber auch eine aktive Stellung.Ribli.}) 11. Bd3 Bxc3+
12. bxc3 {Beide Spieler haben einen Doppelbauern auf der c-Linie. Die Feßlung
des Nf6 ist unangenehm für Schwarz.Ribli.} (12. Rxc3 $6 Rxb2 13. Qa1 Rb6 $1 14.
c5 (14. Ra3 Qe7 15. Rxa7 Qb4+ $132) 14... Rb4 $1 15. Rc4 (15. Bg3 Ne4 $17)
15... Rxc4 16. Bxc4 Re4 17. Bxf6 Qxf6 18. Qxf6 gxf6 19. Bd3 Ra4 $17) 12... c5
$1 13. O-O Bb7 14. Rb1 {Der Turm hatte keine Zukunft auf c1, hier hingegen
stört er die schwarze Position.Ribli.} d6 (14... g5 $5 15. Bg3 d6) 15. Bxf6 $1
Qxf6 16. Qa4 Ba8 (16... a6 $2 {Ribli} 17. Rxb7 Rxb7 18. Qxe8# $18) 17. Rxb8
Rxb8 18. Qxa7 {Weiß hat einen Bauern gewonnen, aber zu diesem Zeitpunkt ist
sein Mehrbauer noch nicht gefährlich, und er muß seine Schwäche c3 im Blick
behalten.Ribli.} Rc8 $1 (18... Qd8 19. Rb1 Rc8 20. Bf5 Qg5 21. g4 Re8 (21...
Bf3 22. Rb8 $18) 22. Rb8 $16) 19. Rb1 Qg5 $1 (19... Qxc3 $2 {Ribli} 20. Rb8 $16
) 20. Bf1 (20. g3 Qg4 $1 21. Kf1 (21. Rb8 Qd1+ 22. Bf1 Be4 $3 (22... Bf3 $1 23.
Rxc8+ Kh7 24. h4 Be2 25. Kh2 Qxf1 26. Qb7 Qxf2+ 27. Qg2 Qxe3 28. Rxc7 f5 $44)
23. Rxc8+ Kh7 24. Qa8 $8 (24. Qb8 $4 Qf3 $19) 24... Bxa8 25. Rxa8 $11) 21...
Qf3 22. Qxc7 Re8 $1 23. Qd7 Qh1+ 24. Ke2 Qf3+ 25. Ke1 Rxe3+ 26. fxe3 Qxe3+ 27.
Be2 Qxc3+ $11) 20... Qd8 21. Qa4 (21. f3 {Ribli} Bc6 {[%csl Ra7]}) 21... Be4
22. Rb2 Ra8 $44 23. Qd1 Qe8 {Schwarz hat eine solide Stellung, und der weiße
Mehrbauer ist sehr schwer zu verwerten.Ribli.} 24. Qd2 (24. Bd3 $5 Ra3 25. Qb1
Bxd3 26. Qxd3 g6 27. h4 Qe5 $44) 24... g5 {Ein extravaganter Zug. Schwarz
scheint seine Königsstellung aus freien Stücken zu schwächen, in Wirklichkeit
aber ist das keine entscheidende Schwächung, sondern eher ein profilaktischer
Verteidigungszug gegen den später möglichen weißen Raumgewinn am Königsflügel.
Ribli.} 25. h3 (25. f3 $5 Bc6 26. e4 Qe5 27. Bd3 Kg7 $44) 25... Kg7 26. Be2 Ra3
27. Rb3 Ra4 28. Rb2 $138 Qa8 29. f3 Bf5 30. f4 Be4 {Alle schwarzen Figuren
stehen sehr aktiv, Weiß hat nur einen "mathematischen" Bauernvorteil.Ribli.}
31. Bd1 $1 Ra3 (31... Rxc4 $2 32. Bb3 $16) 32. Bb3 Qd8 33. Qc1 Qe7 34. Rf2 Ra8
35. Qd1 Qe6 36. Kh2 Rg8 $138 37. Qh5 $5 (37. fxg5 hxg5 38. Bc2 $11) 37... Kf8
38. Bc2 $1 {Weiß tauscht den starken schwarzen Läufer logischerweise ab.Ribli.}
Bxc2 39. Rxc2 Rg6 40. Qf3 Rf6 $6 (40... Qxc4 41. f5 Rf6 42. e4 $14) (40... gxf4
41. exf4 Qxc4 42. f5 Rg5 43. g4 $14) 41. Rb2 gxf4 $6 (41... Kg7 42. Rb8 $40
Qxc4 $140 $2 43. Qa8 Re6 (43... Qxc3 44. Rg8+ Kh7 45. Rh8+ Kg6 46. Qg8+ Kf5 47.
Qh7+ $18) (43... gxf4 $4 44. Rg8+ Kh7 45. Qf8 $18) 44. Rh8 $1 Rxe3 45. Qg8+ Kf6
46. fxg5+ $1 hxg5 47. Rh6+ Kf5 48. g4+ Ke4 49. Qh7+ Kf3 50. Rf6+ $18) 42. exf4
Qxc4 {Schwarz hat den Bauern zurückgewonnen, aber jetzt bekommt Weiß etwas
Aktivität.} 43. f5 $1 d5 $2 (43... Qh4 $8 44. a4 $16 (44. Z0 {Ribli} Qg5)) 44.
Rb8+ Ke7 45. Qg3 $1 $18 Rxf5 (45... Kd7 46. Qe5 Qe4 47. Qxf6 Qf4+ 48. Kg1 Qe3+
49. Kf1 Qf4+ 50. Ke2 Qe4+ 51. Kd1 Qd3+ 52. Kc1 Qe3+ 53. Kb2 Qd2+ 54. Ka3 $18)
46. Qxc7+ Kf6 47. Qd6+ $1 Kg7 48. Qf8+ Kg6 49. Rb6+ f6 (49... Rf6 50. Qg8+ Kf5
51. g4+ Ke5 52. Qb8+ Ke4 53. Rxf6 $18 (53. Rxf6 {Ribli} Qe2+ 54. Kg3 Qe1+ 55.
Kg2 Qe2+ 56. Rf2 $18)) 50. Qg8+ Kh5 51. g4+ (51. Qf7+ Kh4 (51... Kg5 52. Qg7+
Kf4 53. Qg3+ Ke4 54. Re6+ Re5 55. Qf3#) 52. Qg6 $1 $18) 1-0